| 000 | 00400cam a2200157ua 4500 | ||
|---|---|---|---|
| 041 |
_aeng _h |
||
| 082 |
_a828.09 _bHAL/PO |
||
| 100 | _aHalliday, F E . | ||
| 245 |
_aPoetry of Shakespeare`s plays / _cF E Halliday. _hTextual Documents |
||
| 250 |
_a1 / _b. |
||
| 260 |
_aLondon : _bGerald duck worth and co. ltd , _c1964. |
||
| 300 | _a194 ; . | ||
| 504 | _a | ||
| 942 | _cBK | ||
| 999 |
_c4068 _d4068 |
||